Girl scout handbook (Record no. 21198)

MARC details
000 -LEADER
campo de control de longitud fija 00440ntaaa2200181 4500
003 - IDENTIFICADOR DE NÚMERO DE CONTROL
campo de control 01
005 - FECHA Y HORA DE LA ÚLTIMA TRANSACCIÓN
campo de control 20251027202614.0
008 - DATOS DE LONGITUD FIJA--INFORMACIÓN GENERAL
campo de control de longitud fija 0714s1973 ag 01
040 ## - FUENTE DE CATALOGACIÓN
Centro catalogador/agencia de origen AR-BaBN
Lengua de catalogación spa
Centro/agencia transcriptor AR-BaBN
Normas de descripción aacr
Centro/agencia modificador RIC
082 ## - NÚMERO DE LA CLASIFICACIÓN DECIMAL DEWEY
Número de clasificación 369.4630 G44
100 ## - ENTRADA PRINCIPAL--NOMBRE DE PERSONA
Nombre de persona Girl Scouts
9 (RLIN) 25333
245 ## - MENCIÓN DEL TÍTULO
Título Girl scout handbook
250 ## - MENCION DE EDICION
Mención de edición 1 ed.
260 ## - PUBLICACIÓN, DISTRIBUCIÓN, ETC.
Lugar de publicación, distribución, etc. New York :
Nombre del editor, distribuidor, etc. Girl Scouts Inc.,
Fecha de publicación, distribución, etc. c1940
300 ## - DESCRIPCIÓN FÍSICA
Extensión 694 p
500 ## - NOTA GENERAL
Nota general Manual para Girl Scouts
942 ## - ELEMENTOS DE ENTRADA SECUNDARIOS (KOHA)
Tipo de ítem Koha Colección General
Holdings
Estatus retirado Estado de pérdida Estado de daño No para préstamo Biblioteca de origen Biblioteca actual Fecha de adquisición Número de inventario Total de préstamos Signatura topográfica completa Código de barras Visto por última vez Precio de reemplazo Tipo de ítem Koha
        Biblioteca Pluis Biblioteca Pluis 27/10/2025 20328   369.4630 G44 20328 27/10/2025 27/10/2025 Colección General